[Event "OGOLNOPOLSKA OLIMPIADA MLODZIEZY<br/>MISTRZOSTWA POLSKI JUNIOROW 2016 - C14"]
[Site "Olecko"]
[Date "2016-05-07"]
[Round "5.3"]
[White "Pacan-milej, Kosma"]
[Black "Pultorak, Jan"]
[Result "1/2-1/2"]
[WhiteTitle "I"]
[BlackTitle "FM"]
[WhiteElo "1967"]
[BlackElo "2301"]

1. d4 Nf6 2. Bg5 d5 3. e3 c6 4. Bd3 Bg4 5. f3 Bh5 6. Ne2 Nbd7 7. O-O Bg6 8. c4
dxc4 9. Bxc4 Qa5 10. Bh4 e6 11. Nbc3 Be7 12. a3 Ng4 13. Bxe7 Nxe3 14. Qc1 Nxc4
15. Bb4 Qb6 16. Na4 Qa6 17. b3 Ncb6 18. Nec3 Nxa4 19. Nxa4 Qb5 20. Nc3 Qb6 21.
Qe3 O-O-O 22. Rac1 e5 23. Rfd1 exd4 24. Rxd4 Rhe8 25. Qf2 Ne5 26. Nd5 Rxd5 27.
Rxd5 Qxf2+ 28. Kxf2 Nd3+ 29. Rxd3 Bxd3 30. Re1 Rxe1 31. Bxe1 Kd7 32. Ke3 Bf1 33.
Kf2 Bb5 34. Bc3 f6 35. h4 Ke6 36. Ke3 c5 37. Ke4 b6 38. g3 a5 39. g4 Bc6+ 40.
Ke3 Bd5 41. b4 cxb4 42. axb4 a4 43. f4 g6 44. g5 fxg5 45. hxg5 Bc4 46. Ke4 Be2
47. Bd4 Kd6 48. Bxb6 Kc6 49. Bd4 Kb5 50. Ke3 Bf1 51. Bc3 Kc4 52. Kd2 Kb3 53. Be5
a3 54. Kc1 Bd3 55. b5 Bxb5 56. Kb1 Bd3+ 57. Ka1 a2 58. Bd6 Bc4 59. Be5 Kc2 60.
Bd6 Kd3 61. Bb8 Ke4 62. Bd6 Kd5 63. Bb8 Kc6 64. Be5 Kd7 65. Bb8 Bd5 66. Be5 Ke6
67. Bb8 Kf5 1/2-1/2

[Event "OGOLNOPOLSKA OLIMPIADA MLODZIEZY<br/>MISTRZOSTWA POLSKI JUNIOROW 2016 - C14"]
[Site "Olecko"]
[Date "2016-05-07"]
[Round "5.4"]
[White "Kosakowski, Jakub"]
[Black "Pytel, Maciej"]
[Result "0-1"]
[WhiteTitle "k"]
[BlackTitle "I"]
[WhiteElo "2202"]
[BlackElo "1904"]

1. e4 c5 2. Nf3 e6 3. d4 cxd4 4. Nxd4 a6 5. Bd3 Nf6 6. O-O Qc7 7. Kh1 b5 8. f4
d6 9. a4 b4 10. c3 Bb7 11. Qf3 bxc3 12. Nxc3 Nbd7 13. Be3 Rc8 14. Nb3 d5 15. Bd4
dxe4 16. Nxe4 Qb8 17. Na5 Bd5 18. Nxf6+ Nxf6 19. Qe2 Bb4 20. Nc4 a5 21. Be5 Qb7
22. Nd6+ Bxd6 23. Bxd6 Rd8 24. Ba3 Bxg2+ 25. Kg1 Bxf1 26. Bb5+ Qxb5 0-1

[Event "OGOLNOPOLSKA OLIMPIADA MLODZIEZY<br/>MISTRZOSTWA POLSKI JUNIOROW 2016 - C14"]
[Site "Olecko"]
[Date "2016-05-07"]
[Round "5.5"]
[White "Szpar, Milosz"]
[Black "Kokoszczynski, Jan"]
[Result "1/2-1/2"]
[WhiteTitle "I"]
[BlackTitle "k"]
[WhiteElo "1956"]
[BlackElo "1983"]

1. e4 e6 2. d4 d5 3. Nc3 Bb4 4. e5 c5 5. a3 Bxc3+ 6. bxc3 Qa5 7. Bd2 Qa4 8. Qb1
c4 9. Ne2 Ne7 10. Ng3 Nbc6 11. Be2 b6 12. Nh5 Rg8 13. O-O Bd7 14. Qb2 O-O-O 15.
Rae1 Kb7 16. Bg4 Rdf8 17. Re2 Nd8 18. Bg5 Ndc6 19. h3 Rc8 20. Re3 h6 21. Bf4 Nf5
22. Re2 Nce7 23. Kh2 Rcd8 24. g3 Rc8 25. Bd2 g6 26. Nf6 Rh8 27. Qc1 h5 28. Bf3
Ng8 29. Bg5 Nxf6 30. Bxf6 Rh7 31. Kg2 Qa5 32. Qb2 Ba4 33. Ree1 Qb5 34. Qxb5 Bxb5
35. Rh1 Ba4 36. g4 Ng7 37. Bd1 h4 38. Re3 Ne8 39. Bg5 Rc7 40. Rf3 Rd7 41. Re1
Nc7 42. Kf1 Nb5 43. Bc1 Kc8 44. Ke2 Kd8 45. Kd2 Ke8 46. Rf6 Ke7 47. Rf1 Nc7 48.
Rf3 Nb5 49. Re3 Rd8 50. Bb2 Rg8 51. Be2 Rf8 52. f4 Rg8 53. Bf3 Nc7 54. Rf2 Bd7
55. Re1 Ba4 56. Kd1 Ke8 57. Bc1 Nb5 58. Re3 Nc7 59. Be2 Ke7 60. Ref3 Bd7 61. Bd2
Nb5 62. Bc1 1/2-1/2

[Event "OGOLNOPOLSKA OLIMPIADA MLODZIEZY<br/>MISTRZOSTWA POLSKI JUNIOROW 2016 - C14"]
[Site "Olecko"]
[Date "2016-05-07"]
[Round "5.6"]
[White "Majocha, Piotr"]
[Black "Lis, Mateusz"]
[Result "0-1"]
[WhiteTitle "I"]
[BlackTitle "I"]
[WhiteElo "1703"]
[BlackElo "1998"]

1. d4 Nf6 2. c4 d6 3. Nc3 Nbd7 4. e4 e5 5. d5 g6 6. h3 Bg7 7. Be3 a5 8. Nf3 b6
9. Be2 Nc5 10. Nd2 O-O 11. g4 Ne8 12. g5 f5 13. gxf6 Nxf6 14. Qc2 Bd7 15. O-O-O
c6 16. Kb1 cxd5 17. cxd5 Rc8 18. Ka1 a4 19. Rdg1 b5 20. Bxc5 Rxc5 21. Qd1 a3 22.
Nb3 axb2+ 23. Kxb2 Rxc3 24. Kxc3 Nxe4+ 25. Kb2 Nxf2 26. Qd2 e4+ 27. Kb1 Bf5 28.
Qe3 Qf6 0-1

[Event "OGOLNOPOLSKA OLIMPIADA MLODZIEZY<br/>MISTRZOSTWA POLSKI JUNIOROW 2016 - C14"]
[Site "Olecko"]
[Date "2016-05-07"]
[Round "5.7"]
[White "Szczurek, Krzysztof"]
[Black "Fus, Jakub"]
[Result "0-1"]
[WhiteTitle "I"]
[BlackTitle "I+"]
[WhiteElo "1991"]
[BlackElo "1936"]

1. e4 e6 2. d4 d5 3. Nd2 Be7 4. c3 c5 5. Ngf3 Nf6 6. e5 Nfd7 7. Bd3 b6 8. Qe2 a5
9. b3 cxd4 10. cxd4 a4 11. O-O O-O 12. bxa4 Rxa4 13. Qd1 Ra7 14. Nb1 Ba6 15. Nc3
Bxd3 16. Qxd3 Nc6 17. a4 Na5 18. Nb5 Ra8 19. Nd2 Rc8 20. Ba3 Bxa3 21. Rxa3 Rc6
22. Qh3 f5 23. f4 Qe7 24. Nd6 Ra8 25. Qf3 g6 26. Rb1 Nf6 27. Nxf5 gxf5 28. exf6
Qxf6 29. Qd3 Rac8 30. h3 Kh8 31. Kh2 Qg7 32. Qe3 Qc7 33. Rb2 Qd6 34. Rba2 Rc2
35. Ra1 R8c6 36. Rd3 Rb2 37. Rd1 Rcc2 38. Rg1 Rxd2 39. Rxd2 Nc4 40. Qg3 Rxd2 41.
Rf1 Qe7 42. Re1 Qf6 43. a5 bxa5 44. Rb1 Rb2 45. Rd1 a4 46. Ra1 a3 47. Rd1 a2 48.
Ra1 Qg7 49. Qf3 Ne3 0-1

[Event "OGOLNOPOLSKA OLIMPIADA MLODZIEZY<br/>MISTRZOSTWA POLSKI JUNIOROW 2016 - C14"]
[Site "Olecko"]
[Date "2016-05-07"]
[Round "5.8"]
[White "Sanz Wawer, Daniel"]
[Black "Namyslak, Piotr"]
[Result "1-0"]
[WhiteTitle "k"]
[BlackTitle "I"]
[WhiteElo "1988"]
[BlackElo "1775"]

1. d4 Nf6 2. c4 g6 3. f3 Bg7 4. e4 d6 5. Nc3 O-O 6. Nge2 e5 7. Bg5 Nc6 8. d5 Ne7
9. Qd2 Ne8 10. g4 f6 11. Bh6 g5 12. Bxg7 Nxg7 13. Ng3 Ng6 14. O-O-O Kf7 15. Be2
Bd7 16. Kb1 b6 17. Rc1 a6 18. Nd1 Rh8 19. Ne3 h6 20. b4 a5 21. c5 bxc5 22. bxc5
Qe7 23. c6 Rhb8+ 24. Ka1 Bc8 25. Rb1 Rxb1+ 26. Rxb1 Qd8 27. a4 Nh4 28. Qc3 Ba6
29. Bxa6 Rxa6 30. Nc4 Ne8 31. Rb5 Qa8 32. Rb7 Kf8 33. Qb3 Ke7 34. Nb6 Qd8 35.
Qb5 Ra8 36. Nxa8 Qxa8 37. Qd3 Kd8 38. Ne2 Ng6 39. Nc3 Ne7 40. Nb5 Nc8 41. Qe3
Qa6 42. Rb8 Ke7 43. Qf2 Kf8 44. h4 Kf7 45. hxg5 fxg5 46. Qh2 Kg7 47. Ka2 Nf6 48.
Rb7 Kg6 49. Qf2 Ne8 50. Kb3 Kf7 51. Qe2 Kg6 52. Nc3 Qa8 53. Nb5 Qa6 54. Qh2 Kg7
55. Qh5 1-0

[Event "OGOLNOPOLSKA OLIMPIADA MLODZIEZY<br/>MISTRZOSTWA POLSKI JUNIOROW 2016 - C14"]
[Site "Olecko"]
[Date "2016-05-07"]
[Round "5.9"]
[White "Kozak, Antoni"]
[Black "Psyk, Radoslaw"]
[Result "1-0"]
[WhiteTitle "I"]
[BlackTitle "k"]
[WhiteElo "1932"]
[BlackElo "2219"]

1. e4 e5 2. Nf3 Nf6 3. Nxe5 d6 4. Nf3 Nxe4 5. Nc3 Nxc3 6. dxc3 Be7 7. Be3 Nd7 8.
Qd2 O-O 9. O-O-O c6 10. Kb1 Qa5 11. h4 Ne5 12. Nd4 c5 13. Nb3 Qa4 14. Bg5 f6 15.
Qd5+ Kh8 16. Bc1 Bf5 17. f4 Be4 18. Bb5 Qxb5 19. Qxe4 f5 20. Qd5 Ng4 21. Rde1
Rae8 22. Nd4 Qd7 23. Ne6 Rf6 24. Nxc5 Qb5 25. Qxb7 Qxb7 26. Nxb7 Nf2 27. Rhf1
Ne4 28. g4 d5 29. gxf5 Ra6 30. c4 Bxh4 31. Re3 d4 32. Rxe4 Rxe4 33. Nc5 Re1 34.
Rxe1 Bxe1 35. Nxa6 h5 36. c5 h4 37. c6 Ba5 38. f6 g6 39. f5 h3 40. Bf4 g5 41.
Be5 Kg8 42. c7 Bxc7 43. Nxc7 g4 44. Ne6 1-0

[Event "OGOLNOPOLSKA OLIMPIADA MLODZIEZY<br/>MISTRZOSTWA POLSKI JUNIOROW 2016 - C14"]
[Site "Olecko"]
[Date "2016-05-07"]
[Round "5.10"]
[White "Golenia, Jan"]
[Black "Musial, Tomasz"]
[Result "1/2-1/2"]
[WhiteTitle "I"]
[BlackTitle "II+"]
[WhiteElo "1973"]
[BlackElo "1799"]

1. Nf3 d5 2. d4 Nf6 3. Bf4 e6 4. e3 Be7 5. Nbd2 O-O 6. c4 b6 7. Rc1 c5 8. Bd3 Bb7
9. a3 Nbd7 10. O-O cxd4 11. exd4 Rc8 12. b4 dxc4 13. Nxc4 Nd5 14. Bg3 N7f6 15.
Re1 Ba8 16. Qb3 b5 17. Nce5 Qb6 18. Qb2 a5 19. bxa5 Qxa5 20. Qxb5 Qxb5 21. Bxb5
Bxa3 22. Ra1 Bb4 23. Reb1 Bc3 24. Ra3 Ne7 25. Ba6 Be4 26. Rbb3 Nfd5 27. Bxc8 Rxc8
28. h3 f6 29. Nd7 Bxf3 30. gxf3 Bxd4 31. Rb8 Rxb8 32. Bxb8 Kf7 33. Bg3 e5 34.
Ra5 Ke6 35. Nc5+ Kf5 36. Ne4 Nf4 37. Kh2 Ned5 38. Rb5 g5 39. h4 Nc7 40. Rb7 Nfe6
41. Rb8 Kg6 42. hxg5 Nxg5 43. Kg2 Nce6 44. Nd6 h6 45. Rg8+ Kh7 46. Re8 Kg6 47.
Rb8 Bc5 48. Nc8 Kf5 49. Rb5 Bf8 50. Ra5 Nf4+ 51. Bxf4 Kxf4 52. Ra4+ Kf5 53. Nb6
Ne6 54. Nc4 Nf4+ 55. Kh2 Bc5 56. Ne3+ Kg5 57. Ra5 Bd4 58. Ra8 Nd3 59. Kg3 Kg6
60. Rg8+ Kf7 61. Ra8 Kg6 62. Ra6 Kg5 63. Ng4 f5 64. Nxh6 Bxf2+ 65. Kg2 1/2-1/2

[Event "OGOLNOPOLSKA OLIMPIADA MLODZIEZY<br/>MISTRZOSTWA POLSKI JUNIOROW 2016 - C14"]
[Site "Olecko"]
[Date "2016-05-07"]
[Round "5.11"]
[White "Golecki, Jan"]
[Black "Mietkiewicz, Jacek"]
[Result "0-1"]
[WhiteTitle "I+"]
[BlackTitle "I"]
[WhiteElo "1880"]
[BlackElo "1750"]

1. e4 e6 2. d4 d5 3. Nd2 Nf6 4. e5 Nfd7 5. c3 c5 6. Bd3 Nc6 7. Ne2 cxd4 8. cxd4
f6 9. exf6 Nxf6 10. Nf3 Bd6 11. O-O O-O 12. Bf4 Nh5 13. Bxd6 Qxd6 14. Rc1 Rxf3
15. gxf3 Nf4 16. Ng3 Nxd4 17. Bxh7+ Kxh7 18. Qxd4 e5 19. Qc5 Qh6 20. Qc2+ Kh8
21. Kh1 Bh3 22. Rg1 Qg5 23. b4 Rf8 24. Qc5 Rf6 25. Rcd1 Rh6 26. Rxd5 Bg4 27. Qf8+
Kh7 28. Rg2 Bxf3 29. Rd8 Bxg2+ 30. Kg1 Qf6 31. Qg8+ Kg6 32. Qe8+ Kg5 33. Rd2 Bc6
34. Qb8 e4 35. Qxa7 Qa1+ 36. Nf1 Nh3+ 37. Kg2 e3+ 38. f3 Nf4+ 39. Kg1 exd2 40.
Qc5+ Nd5 41. f4+ Kg4 42. Qf2 d1=Q 43. Qg2+ Kf5 44. Qg5+ Ke4 45. Qg2+ Qf3 46. Qc2+
Kxf4 47. Qd2+ Qe3+ 48. Qf2+ 0-1

[Event "OGOLNOPOLSKA OLIMPIADA MLODZIEZY<br/>MISTRZOSTWA POLSKI JUNIOROW 2016 - C14"]
[Site "Olecko"]
[Date "2016-05-07"]
[Round "5.12"]
[White "Pniaczek, Marek"]
[Black "Dixa, Oskar"]
[Result "1-0"]
[WhiteTitle "I+"]
[BlackTitle "I"]
[WhiteElo "1855"]
[BlackElo "1630"]

1. e4 c5 2. Nf3 d6 3. d4 cxd4 4. Qxd4 Nc6 5. Bb5 Bd7 6. Bxc6 Bxc6 7. c4 Nf6 8.
Nc3 e6 9. O-O Be7 10. Rd1 O-O 11. b3 a6 12. Bb2 Rc8 13. Rac1 Qd7 14. h3 Rfd8 15.
Qe3 Qe8 16. Nd4 h6 17. a4 Bf8 18. Re1 d5 19. exd5 exd5 20. Qf4 Qd7 21. c5 Qc7
22. Qxc7 Rxc7 23. b4 Be8 24. a5 g6 25. Nce2 Bg7 26. Nf4 Bc6 27. Rcd1 Kf8 28. Nfe6+
fxe6 29. Nxe6+ Kg8 30. Nxd8 Rc8 31. Nxc6 bxc6 32. Re7 d4 33. Bxd4 Rd8 34. Rxg7+
1-0

[Event "OGOLNOPOLSKA OLIMPIADA MLODZIEZY<br/>MISTRZOSTWA POLSKI JUNIOROW 2016 - C14"]
[Site "Olecko"]
[Date "2016-05-07"]
[Round "5.13"]
[White "Poziomkowski, Szymon"]
[Black "Polczyk, Mikolaj"]
[Result "1-0"]
[WhiteTitle "I"]
[BlackTitle "I"]
[WhiteElo "1726"]
[BlackElo "1831"]

1. e4 e5 2. Nf3 Nc6 3. Nc3 Nf6 4. d4 exd4 5. Nxd4 Bc5 6. Be3 Bb6 7. Be2 d6 8. Qd2
O-O 9. O-O-O Re8 10. Bf3 Ba5 11. Nxc6 bxc6 12. e5 Rxe5 13. Bxc6 Rb8 14. Bxa7 Bb7
15. Bxb7 Rxb7 16. Bd4 Reb5 17. b3 Qa8 18. a4 Rb4 19. Qd3 c5 20. Bxf6 gxf6 21.
Nd5 c4 22. Qg3+ Kh8 23. Qxd6 cxb3 24. Nxb4 Rxb4 25. Qxf6+ Kg8 26. Rd7 Qf8 27.
Rd5 h6 28. Rxa5 bxc2 29. Rb5 Rxa4 30. Qb2 Qd6 31. Rb8+ Kh7 32. Rh8+ Kg6 33. Qxc2+
1-0

[Event "OGOLNOPOLSKA OLIMPIADA MLODZIEZY<br/>MISTRZOSTWA POLSKI JUNIOROW 2016 - C14"]
[Site "Olecko"]
[Date "2016-05-07"]
[Round "5.14"]
[White "Strzelecki, Maciej"]
[Black "Wierzbicki, Michal"]
[Result "1-0"]
[WhiteTitle "I"]
[BlackTitle "I"]
[WhiteElo "1813"]
[BlackElo "1708"]

1. e4 e6 2. d4 d5 3. Nd2 Nc6 4. Ngf3 Nf6 5. e5 Nd7 6. Be2 f6 7. exf6 Qxf6 8. Nf1
Bd6 9. Ne3 O-O 10. O-O Re8 11. c4 dxc4 12. Nxc4 Nb6 13. Bg5 Qg6 14. Bd3 Qh5 15.
Nxb6 axb6 16. Be3 Rf8 17. h3 Bd7 18. Ng5 Qxd1 19. Bxh7+ Kh8 20. Rfxd1 Be7 21.
Be4 Bxg5 22. Bxg5 Ra4 23. Be3 Rfa8 24. a3 R8a7 25. Rac1 R4a5 26. Bf3 Rf5 27. Bg4
Rf7 28. Rc4 Ra8 29. Bf3 Raf8 30. d5 Ne5 31. Rh4+ Kg8 32. Be4 g6 33. Bd4 Rf4 34.
Rxf4 Rxf4 35. Bxe5 Rxe4 36. Bxc7 exd5 37. Rxd5 Bc6 38. Rd8+ Re8 39. Rd6 Kf7 40.
Bxb6 Re1+ 41. Kh2 Re2 42. Bd4 Rd2 43. Rf6+ Ke7 44. Bc3 Rd6 45. Bb4 Kxf6 46. Bxd6
b5 47. f4 Be4 48. g4 Bc2 49. Kg2 Bd1 50. Kf2 Bb3 51. Ke3 Bd1 52. Kd4 Be2 53. Kc5
Bf1 54. b3 Ke6 55. Bb8 Be2 56. a4 bxa4 57. bxa4 Bf1 58. h4 Be2 59. f5+ gxf5 60.
g5 Kf7 61. a5 Kg6 62. Kb6 Kh5 63. Bg3 Kg4 64. Be1 f4 65. a6 Bxa6 66. Kxa6 Kf3
67. Ba5 1-0

[Event "OGOLNOPOLSKA OLIMPIADA MLODZIEZY<br/>MISTRZOSTWA POLSKI JUNIOROW 2016 - C14"]
[Site "Olecko"]
[Date "2016-05-07"]
[Round "5.15"]
[White "Radecki, Adam"]
[Black "Ossolinski, Ziemowit"]
[Result "1/2-1/2"]
[WhiteTitle "I"]
[BlackTitle "I"]
[WhiteElo "1667"]
[BlackElo "1849"]

1. e4 c5 2. Nf3 e6 3. d4 cxd4 4. Nxd4 Qb6 5. Nb3 a6 6. Be3 Qc7 7. Bd3 Nf6 8. O-O
d6 9. Nc3 Be7 10. f4 O-O 11. Qf3 Nbd7 12. Rae1 b5 13. g4 Bb7 14. a3 d5 15. exd5
Nxd5 16. Nxd5 Bxd5 17. Be4 Nf6 18. Bxd5 Nxd5 19. c3 Rfd8 20. Bd4 Bf6 21. Rd1 Bxd4+
22. Nxd4 Qc5 23. Rfe1 Rac8 24. Kg2 Nb6 25. Re5 Qc7 26. Re2 Rd5 27. Rde1 h6 28.
Re5 Rcd8 29. R5e2 Nc4 30. h3 Na5 31. Re5 Nc6 32. Nxc6 Qxc6 33. Rxd5 Rxd5 34. Rd1
Rd6 35. Qxc6 Rxc6 36. Rd8+ Kh7 37. Kf3 Kg6 38. Rd4 f5 39. Rd7 Kf6 40. Rd3 g5 41.
gxf5 exf5 42. Rd8 Ke7 43. Rd5 Ke6 44. Re5+ Kf6 45. Rd5 Re6 46. Rd7 gxf4 47. Kxf4
Re4+ 48. Kf3 Kg5 1/2-1/2

[Event "OGOLNOPOLSKA OLIMPIADA MLODZIEZY<br/>MISTRZOSTWA POLSKI JUNIOROW 2016 - C14"]
[Site "Olecko"]
[Date "2016-05-07"]
[Round "5.16"]
[White "Kopaczewski, Adam"]
[Black "Mike, Patryk"]
[Result "1/2-1/2"]
[WhiteTitle "I"]
[BlackTitle "I"]
[WhiteElo "1854"]
[BlackElo "1804"]

1. e4 e5 2. Nf3 Nf6 3. Nxe5 d6 4. Nf3 Nxe4 5. Nc3 Nf6 6. d4 Be7 7. Be3 O-O 8. Qd2
Nbd7 9. Bd3 b6 10. h4 c5 11. Ng5 Bb7 12. f4 a6 13. h5 h6 14. Nf3 Ng4 15. O-O-O
b5 16. dxc5 Nxc5 17. Bxc5 dxc5 18. Qe1 Qc7 19. Qg3 Ne3 20. Rde1 Nd5 21. Nxd5 Bxd5
22. Be4 Rad8 23. Bxd5 Rxd5 24. Rd1 Rfd8 25. Rxd5 Rxd5 26. Re1 Bd6 27. Ne5 Bxe5
28. fxe5 f6 29. Qf3 Rxe5 30. Rd1 Re8 31. Qd5+ Kh8 32. Qf5 Qe5 33. Qg6 Qg5+ 34.
Kb1 Qe5 35. a3 a5 36. g4 b4 37. a4 c4 38. Qf7 c3 39. b3 Rg8 40. Qd7 Re8 41. Qf7
Qe6 42. Qg6 Qe7 43. Qd3 Rf8 44. Qd5 Qe5 1/2-1/2

[Event "OGOLNOPOLSKA OLIMPIADA MLODZIEZY<br/>MISTRZOSTWA POLSKI JUNIOROW 2016 - C14"]
[Site "Olecko"]
[Date "2016-05-07"]
[Round "5.17"]
[White "Godzwon, Iwo"]
[Black "Paliwoda, Borys"]
[Result "1-0"]
[WhiteTitle "I"]
[BlackTitle "II"]
[WhiteElo "1836"]
[BlackElo "1694"]

1. e4 e5 2. Nf3 Nc6 3. Bb5 Nge7 4. O-O g6 5. d4 exd4 6. Nxd4 Bg7 7. Be3 O-O 8.
Nc3 a6 9. Ba4 b5 10. Bb3 Bb7 11. Nxc6 Bxc6 12. Bd4 Qb8 13. Bxg7 Kxg7 14. Qd4+
Kg8 15. Rad1 Qa7 16. Qf6 Qc5 17. Rd3 b4 18. Na4 Bxa4 19. Bxa4 d5 20. exd5 Nxd5
21. Qg5 c6 22. Bb3 Rae8 23. Rh3 Qd4 24. Qh6 Qg7 25. Qxg7+ Kxg7 26. Rd1 Re5 27.
Rhd3 Rfe8 28. Kf1 Rh5 29. h3 Rc8 30. Re1 Rf5 31. Re4 a5 32. Kg1 h6 33. Rd2 h5
34. Rde2 Nf4 35. R2e3 Nd5 36. Re1 Rg5 37. g3 Rf5 38. Re8 Rxe8 39. Rxe8 Kf6 40.
Ra8 Ne7 41. Kf1 Re5 42. Rf8 Nd5 43. f4 Rf5 44. h4 Ke7 45. Rh8 Nc7 46. Ba4 Rc5
47. Ke2 Nd5 48. Rb8 Kd6 49. Kd3 Nc7 50. Bb3 Rf5 51. Ke4 Ne6 52. Bc4 Nc5+ 53. Ke3
Nd7 54. Rb7 Rf6 55. Ra7 Rf5 56. Kd4 Ke7 57. Bb3 Kd6 58. c3 bxc3 59. bxc3 Ke7 60.
c4 Kd6 61. Bc2 Rf6 62. Rxa5 c5+ 63. Kc3 Nb6 64. Be4 Re6 65. Kd3 f5 66. Bf3 Re3+
67. Kxe3 Nxc4+ 68. Kd3 Nxa5 69. Kc3 Nc6 70. Bxc6 Kxc6 71. Kc4 Kb6 72. a3 Kc6 73.
a4 Kb6 74. a5+ Kxa5 75. Kxc5 Ka4 76. Kd5 Kb4 77. Ke5 Kc5 78. Kf6 Kd5 79. Kxg6
Ke6 80. Kxh5 Kf6 81. Kh6 1-0

[Event "OGOLNOPOLSKA OLIMPIADA MLODZIEZY<br/>MISTRZOSTWA POLSKI JUNIOROW 2016 - C14"]
[Site "Olecko"]
[Date "2016-05-07"]
[Round "5.18"]
[White "Kukorowski, Jan"]
[Black "Kopec, Norbert"]
[Result "1/2-1/2"]
[WhiteTitle "I"]
[BlackTitle "II"]
[WhiteElo "1706"]
[BlackElo "1558"]

1. e4 e5 2. Nf3 Nc6 3. Bc4 Nf6 4. d3 Be7 5. c3 O-O 6. O-O d5 7. exd5 Nxd5 8. Re1
Bf6 9. h3 a6 10. Nbd2 Nb6 11. Ne4 Nxc4 12. Nxf6+ Qxf6 13. dxc4 h6 14. Qe2 Re8
15. Be3 Be6 16. Rad1 Qg6 17. Kh1 Qh5 18. b3 Bf5 19. Bc1 Re6 20. Nd4 Qxe2 21. Nxe2
Rd8 22. Rxd8+ Nxd8 23. Ba3 f6 24. Ng3 Bg6 25. Rd1 Nf7 26. Rd7 Rc6 27. Kg1 Bb1
28. Rd2 Re6 29. Kf1 Re8 30. Ke2 Rd8 31. Nf1 Be4 32. f3 Bg6 33. c5 Rxd2+ 34. Nxd2
Nd8 35. g3 Kf7 36. Bc1 Ke6 37. b4 Nc6 38. Nf1 Na7 39. g4 Nb5 40. Bb2 Na7 41. Ke3
Nc6 42. a3 Ne7 43. c4 Bf7 44. Nd2 Ng6 45. Kf2 Nf4 46. Kg3 Kd7 47. h4 Nd3 48. Bc3
Ne1 49. f4 Nd3 50. fxe5 Nxe5 51. Bxe5 fxe5 52. Kf3 Be6 53. g5 hxg5 54. hxg5 Bf5
55. Nf1 Bd3 56. Ne3 Ke6 57. Kg4 g6 58. Kf3 Kd7 59. a4 b6 60. cxb6 cxb6 61. Nd5
Kc6 62. Ke3 Bc2 63. Kd2 Be4 64. Ne3 a5 65. b5+ Kc5 66. Kc3 Bf3 67. Nf1 Bg2 68.
Ne3 Bf3 69. Nf1 Bg2 70. Ne3 1/2-1/2

[Event "OGOLNOPOLSKA OLIMPIADA MLODZIEZY<br/>MISTRZOSTWA POLSKI JUNIOROW 2016 - C14"]
[Site "Olecko"]
[Date "2016-05-07"]
[Round "5.19"]
[White "Kucharski, Bartlomiej"]
[Black "Brzozowski, Pawel"]
[Result "1-0"]
[WhiteTitle "II"]
[BlackTitle "II"]
[WhiteElo "1667"]
[BlackElo "1567"]

1. e4 Nf6 2. e5 Nd5 3. d4 d6 4. c4 Nb6 5. exd6 cxd6 6. Bd3 Nc6 7. Ne2 g6 8. Nbc3
Bg7 9. Be3 O-O 10. O-O Nb4 11. b3 Nxd3 12. Qxd3 Bf5 13. Qd2 Rc8 14. Bh6 e5 15.
Bxg7 Kxg7 16. d5 g5 17. Ng3 Bg6 18. Nce4 h6 19. Qb4 Rc7 20. Qxd6 Qxd6 21. Nxd6
a6 22. Ndf5+ Kh7 23. Rac1 h5 24. h4 gxh4 25. Nxh4 f5 26. Rfe1 Nd7 27. Nf3 Re8
28. Ng5+ Kg8 29. Ne6 Rcc8 30. f3 Kf7 31. Kf2 Kf6 32. Rh1 Rh8 33. f4 e4 34. Ke3
Nc5 35. Nxc5 Rxc5 36. Kd4 b6 37. b4 Rcc8 38. c5 b5 39. c6 h4 40. Nf1 Rh7 41. Ne3
Be8 42. Kc5 Rhc7 43. Kb6 Kg6 44. Rxh4 Rf7 45. d6 Rf6 46. Kb7 Rd8 47. c7 Rdxd6
48. c8=Q 1-0

[Event "OGOLNOPOLSKA OLIMPIADA MLODZIEZY<br/>MISTRZOSTWA POLSKI JUNIOROW 2016 - C14"]
[Site "Olecko"]
[Date "2016-05-07"]
[Round "5.20"]
[White "Galuszka, Tomasz"]
[Black "Maciejewski, Kamil"]
[Result "1/2-1/2"]
[WhiteTitle "II+"]
[BlackTitle "I"]
[WhiteElo "1586"]
[BlackElo "1656"]

1. e4 e6 2. d4 d5 3. Nd2 Nf6 4. e5 Nfd7 5. Bd3 c5 6. c3 Nc6 7. Ne2 cxd4 8. cxd4
f6 9. exf6 Nxf6 10. Nf3 Qc7 11. Bf4 Bb4+ 12. Bd2 Bd6 13. O-O O-O 14. Bb5 Bd7 15.
Bxc6 Bxc6 16. g3 Bb5 17. Ng5 Rae8 18. f4 h6 19. Nf3 Ne4 20. Kg2 Rc8 21. Re1 Bxe2
22. Qxe2 Qc2 23. Bc3 Qxe2+ 24. Rxe2 Rc6 25. Rae1 Re8 26. Re3 b5 27. R1e2 Ra6 28.
b3 Rc6 29. Be1 Rc1 30. Nd2 Nxd2 31. Rxd2 Bb4 32. Rde2 Rxe1 33. Rxe1 Bxe1 34. Rxe1
Rc8 35. Re2 Kf7 36. Rd2 Rc3 37. Kf2 Ke7 38. Ke2 Kd6 39. Rd3 Rc2+ 40. Rd2 Rc1 41.
Rd1 Rc6 42. Kd2 Ke7 43. Rc1 Rxc1 44. Kxc1 Kf6 45. Kd2 Kf5 46. Ke3 Kg4 47. Kf2
Kh3 48. Kg1 h5 49. b4 g6 50. a3 a6 51. Kf1 Kxh2 52. Kf2 h4 53. g4 Kh3 54. Kf3
Kh2 55. Kf2 Kh1 56. Ke3 1/2-1/2

[Event "OGOLNOPOLSKA OLIMPIADA MLODZIEZY<br/>MISTRZOSTWA POLSKI JUNIOROW 2016 - C14"]
[Site "Olecko"]
[Date "2016-05-07"]
[Round "5.21"]
[White "Skowron, Mateusz"]
[Black "Musiala, Jakub"]
[Result "1/2-1/2"]
[WhiteTitle "I"]
[BlackTitle "II+"]
[WhiteElo "1508"]
[BlackElo "1629"]

1. e4 c5 2. Nc3 e6 3. f4 Nc6 4. Nf3 a6 5. g3 d5 6. d3 Nf6 7. Bg2 g6 8. O-O Bg7
9. a3 O-O 10. Qe1 b5 11. e5 Nd7 12. h3 Rb8 13. g4 Qc7 14. h4 f6 15. exf6 Nxf6
16. Bh3 Qe7 17. Qg3 b4 18. axb4 Rxb4 19. Re1 Qd6 20. Qh2 h5 21. Ne5 Nxg4 22. Nxg4
hxg4 23. Bxg4 e5 24. Bxc8 Rxc8 25. Rxa6 exf4 26. Qh3 Rc7 27. Qg2 f3 28. Qxf3 Ne5
29. Qxd5+ Qxd5 30. Nxd5 Rg4+ 31. Kh1 Rxh4+ 32. Kg2 Rg4+ 33. Kh1 Rh4+ 34. Kg2 Rg4+
35. Kh1 Rh4+ 36. Kg2 Rg4+ 37. Kh1 1/2-1/2

[Event "OGOLNOPOLSKA OLIMPIADA MLODZIEZY<br/>MISTRZOSTWA POLSKI JUNIOROW 2016 - C14"]
[Site "Olecko"]
[Date "2016-05-07"]
[Round "5.22"]
[White "Maciak, Jakub"]
[Black "Rogala, Milosz"]
[Result "1-0"]
[WhiteTitle "II"]
[BlackTitle "II"]
[WhiteElo "1465"]
[BlackElo "1561"]

1. e4 c6 2. d4 d5 3. exd5 cxd5 4. Bd3 Nc6 5. c3 g6 6. h3 Bg7 7. Nf3 f6 8. O-O e5
9. dxe5 fxe5 10. Bb5 Nge7 11. Re1 O-O 12. Bg5 e4 13. Bxc6 bxc6 14. Nd4 Bd7 15.
Qb3 Qe8 16. Rxe4 Rf7 17. Rxe7 Rxe7 18. Bxe7 Qxe7 19. Nd2 Bxh3 20. Nxc6 Qg5 21.
Qxd5+ Qxd5 22. Ne7+ Kf7 23. Nxd5 Rd8 24. c4 Be6 25. Rd1 Bxd5 26. Nf1 Bxb2 27.
Rxd5 Rxd5 28. cxd5 Ke7 29. Ne3 Bg7 30. Nc4 Kd7 31. Kf1 Bd4 32. Ke2 h5 33. f3 Bf6
34. Kd3 g5 35. Ke4 h4 36. Kf5 Be7 37. Ke5 Bc5 38. d6 Bf2 39. Kd5 Bg3 40. Ne5+
Kd8 41. Ke6 Bxe5 42. Kxe5 Kd7 43. Kf5 Kxd6 44. Kxg5 Kc5 45. Kxh4 Kb4 46. g4 Ka3
47. g5 Kxa2 48. g6 a5 49. g7 a4 50. g8=Q+ Kb2 51. Qg7+ Ka2 52. Qc3 a3 53. Kg3
Kb1 54. Qxa3 Kc2 55. Kf2 Kb1 56. Qc3 Ka2 57. Ke2 Kb1 58. Kd2 Ka2 59. Qb4 1-0

[Event "OGOLNOPOLSKA OLIMPIADA MLODZIEZY<br/>MISTRZOSTWA POLSKI JUNIOROW 2016 - C14"]
[Site "Olecko"]
[Date "2016-05-07"]
[Round "5.23"]
[White "Kawaler, Adam"]
[Black "Bojczewski, Mateusz"]
[Result "1-0"]
[WhiteTitle "I"]
[BlackTitle "II"]
[WhiteElo "1764"]
[BlackElo "1319"]

1. e4 e5 2. Nf3 Nc6 3. Bb5 a6 4. Ba4 Nf6 5. O-O d6 6. Re1 b5 7. Bb3 Bg4 8. c3 Be7
9. h3 Bh5 10. Bc2 Qd7 11. d3 h6 12. Be3 O-O 13. Nbd2 d5 14. Nf1 dxe4 15. dxe4
Qxd1 16. Raxd1 Rad8 17. Ng3 Bg6 18. Nh4 Bh7 19. Nhf5 Nd7 20. Rd5 Bf6 21. Red1
Ndb8 22. Nh5 Bxf5 23. exf5 Bg5 24. Bxg5 hxg5 25. Ng3 Rxd5 26. Rxd5 Rd8 27. Rxd8+
Nxd8 28. Bb3 Kf8 29. Kf1 Nb7 30. Ne4 f6 31. Ke2 Ke7 32. c4 Nd6 33. Nxd6 Kxd6 34.
a3 Nc6 35. Kd3 Nd4 36. Bd1 Nxf5 37. cxb5 axb5 38. b3 Nd4 39. a4 bxa4 40. bxa4
Kc5 41. Ke4 c6 42. g3 Kd6 43. f4 gxf4 44. gxf4 Ke6 45. fxe5 fxe5 46. a5 Nb5 47.
a6 Nc3+ 48. Kd3 Nb5 49. Ba4 Na7 50. Ke4 g5 51. Bb3+ Kf6 52. Kf3 Nb5 53. Bc4 Na7
54. Bd3 Nc8 55. Kg4 Na7 56. Be4 c5 57. Bd3 Nc8 58. Kf3 Na7 59. Ke4 Ke6 60. Bc4+
Kd6 61. Kf5 Nc8 62. Kxg5 Kc6 63. h4 Nd6 64. h5 e4 65. h6 e3 66. h7 e2 67. Bxe2
Kd5 1-0